Spravodajské predajne, problémy a možnosti ich využitia v obchodnej činnosti spotrebného družstva Jednota Topoľčany záverečná práca postgraduálneho štúdia

Gespeichert in:
Bibliographische Detailangaben
1. Verfasser: Vedej, Jozef
Körperschaft: Vysoká škola ekonomická v Bratislave
Weitere Verfasser: Novacká, Ľudmila, 1953-
Format: Buch
Sprache:Slowakisch
Veröffentlicht: Bratislava 1991
Tags: Tag hinzufügen
Keine Tags, Fügen Sie das erste Tag hinzu!

MARC

LEADER 00000nam a2200000 4500
001 c034621
005 20260108101736.4
041 0 |a slo 
044 |a SK 
245 1 0 |a Spravodajské predajne, problémy a možnosti ich využitia v obchodnej činnosti spotrebného družstva Jednota Topoľčany  |b záverečná práca postgraduálneho štúdia  |c Jozef Vedej ; Ved. práce Ľudmila Novácka 
264 1 |a Bratislava  |c 1991 
300 |a 62 s. 
100 1 |a Vedej, Jozef 
700 1 |a Novacká, Ľudmila, 1953- 
710 2 |a Vysoká škola ekonomická v Bratislave